Регионална библиотека "Любен Каравелов" - Русе

Практическото мислене (Запис номер 107981)

MARC детайли
000 -Лидер
Контролно поле с фиксирана дължина 02360nam a2200445 c 4500
003 - Код на организацията, давaща контролен номер
Контролно поле BLK
005 - Дата и час на последна редакция
Контролно поле 20240108095922.0
008 - Елементи от данни с фиксирана дължина
fixed length control field 180409b bul|||||r ||||||| ||bul||
010 ## - Наследен системен номер
LC control number KNG00113278000
020 ## - Международен стандартен номер на книга ISBN
Международен стандартен номер на книга ISBN 954-474-228-Х
040 ## - Източник на каталожния запис
Идентификатор на билиотеката - собственик на записа BLK
041 ## - Код за език
Код за езика на текст/звукозапис или на отделно заглавие Български
Код за езика КДБФ Български
072 #7 - Код за тематичната категория
Код организация bullib
Код за тематична категория Л03
Текст Себепознание. Мисловни техники. Психология. Парапсихология
080 ## - УДК
Текстов определител УДК Мислене. Представа - Абстракция. Подбор. Сравнение. Размисъл. Преценка. Мнение. Умозаключение. Индукция. Дедукция. Евристика. Мислене и говорене. Рефлексия (психол.)
УДК код - определител по УДК 159.955
УДК - код + определител 159.955
080 ## - УДК
Текстов определител УДК Въображение. Фантазия. Форми и граници на въображението. Творчество
УДК код - определител по УДК 159.954
УДК - код + определител 159.954
100 1# - Редна дума - Автор
Автор Де Боно, Едуард
Авторска отговорност първи автор
R(LIN) 270403
139 ## - Редно поле
Редна дума Де Боно, Едуард
Авторски знак Деб - Д 31
245 10 - Сведения за заглавието
Заглавие Практическото мислене
Подзаглавни данни 4 начина да бъдем прави, 5 начина да грешим, 5 начина да разбираме
Редно поле (дума) Едуард Де Боно; прев. от англ. Жанета Тенева Шинкова; предг. от Боянка Корнажева.
257 ## - Страна на издаване
Страна на създаване/издаване Малта
260 ## - Област на издателските данни
Място на издаване, разпространение и проч. София
Име на издателя, разпространителя и проч. Кибеа
Година на издаване 1999
Печатница София : Балкан прес
300 ## - Физическа характеристика
Страници 199 с.
Илюстрации и др. с ил.
Размери/Мащаб 20 см
380 ## - Жанр
Жанр Философия
490 ## - СЕРИИ (Колекции)
Име на серия Серия Познай себе си
500 ## - Общи забележки
Забележка Ориг. загл. Practical thinking / Edward de Bono. - Съдържа и За автора ; За книгата
650 #4 - Допълнително описание по предмет – тема
Основно описание – тема или топоним Мислене - психология
9 (RLIN) 251239
650 #4 - Допълнително описание по предмет – тема
Основно описание – тема или топоним Въображение
9 (RLIN) 151534
650 #4 - Допълнително описание по предмет – тема
Основно описание – тема или топоним Творчество - психология
9 (RLIN) 259876
653 ## - Ключова дума – ненормативна
Ключова дума мислене
653 ## - Ключова дума – ненормативна
Ключова дума психология на личността
659 ## - Тематичен бюлетин
Тематичен бюлетин Л
700 1# - Други автори (авторска отговорност)
Лично име Шинкова, Жанета Тенева
Автороска отговорност (Описва отношението между автора и произведението) прев. от англ.
9 (RLIN) 143460
700 1# - Други автори (авторска отговорност)
Лично име Корнажева, Боянка
Автороска отговорност (Описва отношението между автора и произведението) предг. от
9 (RLIN) 311123
852 ## - Местоположение
Форматна сигнатура Цб 219701
856 4# - Електронен адрес и достъп
Електронен формат pdf - файл
856 4# - Електронен адрес и достъп
Електронен формат pdf - файл
942 ## - АРТИКУЛИ
Вид на библиотечния материал Книги
Скрит в OPAC Не
Koha issues (borrowed), all copies 5
944 ## - СЪЗДАВАНЕ И РЕДАКЦИЯ на ЗАПИСА
Създаване/Редакция Създаване
Дата на регистрацията/редакция 28.05.2004
Служител, извършил регистрацията/редакцията 30530
Статус, дата на статуса Минев Младен
944 ## - СЪЗДАВАНЕ И РЕДАКЦИЯ на ЗАПИСА
Създаване/Редакция Редакция
Дата на регистрацията/редакция 15.11.2011
999 ## - СИСТЕМНИ КОНТРОЛНИ НОМЕРА
Koha biblionumber 107981
Koha biblioitemnumber 107981
999 ## - СИСТЕМНИ КОНТРОЛНИ НОМЕРА
Koha biblioitemnumber 107981
Наличности
Код за отписване Код за изгубен артикул Източник на класификационната схема Код за повреда Коз за рестрикции Код за отдаване Артикулен № Име на библиотеката - собственик Име на библиотеката, в която се намира в момента Статус (Текущо местоположение) Дата на вписване в системата Местоположение - отдел Цена в лева Инвентарен номер Систематично азбучна сигнатура Баркод Номер на екземпляра Цена в евро Служебна бележка Служебен тип на артикула
  Не е изгубен Universal Decimal Classification Не е повреден без рестрикции заемане за дома 174103 Регионална библиотека "Любен Каравелов" Русе Регионална библиотека "Любен Каравелов" Русе Заемна - подръчен фонд 2008-07-18 Заемна - подръчен фонд 12.00 120000727560 159.95/Д 31 Е 120000727560 1 6.14 Дост: Pk Вид: Ф N: 5998 Дата: 16.07.2008 Дата инв: 01.02.2018 Бележки инв: П2018 Книги
Vip Innovations Ltd, Rousse, Bulgaria 2025